Music Quiz

Random Music or Artist Quiz

50 Years of Music Quiz Stats

Quiz Updated Nov 8, 2016

Also try: Bands By Initials
Challenge
Share
Tweet
Embed
Score 0/50 Timer 08:00
4 Plays Today
Band member Artist % Correct
George HarrisonThe Beatles
98%
BonoU2
92.1%
Freddie MercuryQueen
88.8%
Axl RoseGuns N' Roses
88.2%
Steven TylerAerosmith
86.7%
StingThe Police
86%
Jim MorrisonThe Doors
83.1%
will.i.amBlack Eyed Peas
81.7%
Brian WilsonThe Beach Boys
77.3%
Keith MoonThe Who
72.5%
Jack White The White Stripes
71.5%
Billie Joe ArmstrongGreen Day
65.9%
Brian JonesThe Rolling Stones
65.4%
Angus YoungAC/DC
64.5%
Johnny RottenSex Pistols
63.2%
Lars UlrichMetallica
62.7%
Debbie HarryBlondie
61.1%
Liam GallagherOasis
59.9%
Anthony KiedisRed Hot Chili Peppers
58%
Courtney LoveHole
57%
Marcus Mumford Mumford & Sons
56.8%
Annie LennoxEurythmics
55.2%
Agnetha FältskogABBA
49.8%
Lauryn HillFugees
44.7%
Belinda CarlisleThe Go-Go's
40.7%
Band member Artist % Correct
Chris CornellSoundgarden
40.3%
Brandon FlowersThe Killers
37.7%
Peter CeteraChicago
34.6%
Rivers CuomoWeezer
34.3%
Scott WeilandStone Temple Pilots
34%
Bob DylanTraveling Wilburys
31.3%
A. J. McLeanBackstreet Boys
28.1%
Billy GibbonsZZ Top
27.5%
Ad-RockBeastie Boys
26.9%
Ritchie BlackmoreDeep Purple
23.8%
Peter NooneHerman's Hermits
22.8%
Caleb FollowillKings of Leon
22.3%
Jack WhiteThe Raconteurs
21.9%
Zooey DeschanelShe & Him
21.9%
Julian CasablancasThe Strokes
21.8%
Mark FosterFoster the People
19.2%
Shane MacGowanThe Pogues
18.9%
Danger Mouse Gnarls Barkley
18.2%
Mitch MitchellThe Jimi Hendrix Experience
17%
Black FrancisPixies
15.4%
Alex TurnerArctic Monkeys
14.9%
Brendon UriePanic! at the Disco
10.3%
Ana Matronic Scissor Sisters
8.8%
Brad DelsonLinkin Park
4.1%
Charles KelleyLady Antebellum
3.6%

You're not logged in!

Compare scores with friends on all Sporcle quizzes.
Join for Free
OR
Log In

You Might Also Like...

Show Comments

Extras

Top Quizzes Today


Score Distribution

Your Account Isn't Verified!

In order to create a playlist on Sporcle, you need to verify the email address you used during registration. Go to your Sporcle Settings to finish the process.

Report this User

Report this user for behavior that violates our Community Guidelines.

Details: